000 00494nam a2200181 4500
003 OSt
008 240702b |||||||| |||| 00| 0 eng d
020 _a9788130923581
082 _a658.4012
_bDIT
100 _aDIXIT, Avinash k.
245 _aThe Art of Strategy
_bA Game Theorist's Guide to Success in Business and Life
250 _aReprint
260 _aNew Delhi
_b Viva Books
_c2018
300 _axviii, 472p.
650 _aGeneral
700 _aNALEBUFF, Barry J.
942 _2ddc
_cBK
999 _c12765
_d12765